| 000 | 00583nam a2200241 a 4500 | ||
|---|---|---|---|
| 001 | nice12345678 | ||
| 003 | IN_TiNIC | ||
| 005 | 20260116012255.0 | ||
| 008 | 050524s1953 bosa grp 000 0 eng | ||
| 020 |
_a _c100 |
||
| 082 | 0 | 0 |
_a320.973 _bROY |
| 100 | _aRoy, Ralph Lord | ||
| 245 | _aApostles of Discord | ||
| 260 |
_aBoston _bBeacon Press _c1953 |
||
| 300 | _a437p | ||
| 500 | _aincludes index and biblioraphy | ||
| 505 | 2 | _aErrata | |
| 650 | _aReligion and Politics-United States | ||
| 700 | 1 | _aRoy, Ralph Lord | |
| 902 | _bSRS | ||
| 942 | _cBK | ||
| 999 |
_c6343 _d6343 |
||